'L' Countries on a Map Quiz Stats

Quiz Updated Nov 19, 2014

Challenge
Share
Tweet
Score 0/9 Timer 01:30
1 Play Today
% Correct
Libya
93.2%
Laos
92.8%
Lithuania
89.9%
Latvia
89.9%
Luxembourg
87.6%
Lesotho
86.3%
Lebanon
85.7%
Liberia
83.5%
Liechtenstein
81.2%

You're not logged in!

Compare scores with friends on all Sporcle quizzes.
Join for Free
OR
Log In

You Might Also Like...

Show Comments

Extras

Top Quizzes Today


Score Distribution

Your Account Isn't Verified!

In order to create a playlist on Sporcle, you need to verify the email address you used during registration. Go to your Sporcle Settings to finish the process.

Report this User

Report this user for behavior that violates our Community Guidelines.

Details: